| 000 | 00570nam a22001817a 4500 | ||
|---|---|---|---|
| 999 |
_c11223 _d11223 |
||
| 003 | AR-CdUCM | ||
| 008 | 190403b ||||| |||| 00| 0 spa d | ||
| 040 |
_aMUNICIPALIDAD PROVINCIAL DEL CUSCO _cBIBLIOTECA MUNICIPAL DEL CUSCO |
||
| 082 |
_a869.008 / _bH44 / |
||
| 100 |
_aherrara, Julio _928477 |
||
| 245 |
_aPoesía de siempre : _bpoemas de Julio Herrara y Reissig / |
||
| 260 |
_aColombia : _bHorizonte, |
||
| 300 |
_a40 páginas ; _c21 cm. |
||
| 440 |
_aEl arco y la lira _n40 _928478 |
||
| 650 |
_aPoesía Colombiana. _910191 |
||
| 942 |
_2ddc _cLIBROS |
||
| 945 | _awfj | ||